| 000 | 00576nam a2200229Ia 4500 | ||
|---|---|---|---|
| 005 | 20260320201722.0 | ||
| 008 | 008 262003s9999 xx 000 0 eng d | ||
| 037 | _aEBOOK | ||
| 040 | _aCRL | ||
| 040 | _beng | ||
| 040 | _cCRL | ||
| 041 | _2eng | ||
| 041 | _aeng | ||
| 084 | _qCRL | ||
| 100 |
_aBuckmaster _91135756 |
||
| 245 | 0 | _aIntermittent Convex Integration for the 3D Euler Equations: (AMS-217) | |
| 260 | _bIEEE | ||
| 856 | _uhttps://ieeexplore.ieee.org/servlet/opac?bknumber=10172377 | ||
| 942 | _cEBOOK | ||
| 999 |
_c1723124 _d1723124 |
||